[Event "Netanya op"]
[Site "Netanya"]
[Date "2019.06.25"]
[Round "3"]
[White "Baron, Tal"]
[Black "Shvayger, Yuliya"]
[Result "1/2-1/2"]
[WhiteElo "2524"]
[BlackElo "2361"]
[PlyCount "90"]
[EventDate "2019.06.23"]
[EventType "swiss"]
[EventRounds "9"]
[EventCountry "ISR"]
[SourceTitle "CBM 191 Extra"]
[Source "ChessBase"]
[SourceDate "2019.09.30"]
[SourceVersion "1"]
[SourceVersionDate "2019.09.30"]
[SourceQuality "1"]

1. d4 Nf6 2. c4 e6 3. Nc3 Bb4 4. a3 Bxc3+ 5. bxc3 0-0 6. f3 d5 7. cxd5 exd5 8. e3 c5 9. Bd3 b6 10. Ne2 Ba6 11. 0-0 Re8 12. Ng3 Bxd3 13. Qxd3 Nc6 14. Bb2 c4 15. Qd2 h5 16. Qf2 Qd7 17. Rae1 Re6 18. e4 dxe4 19. fxe4 h4 20. Nf5 Nxe4 21. Qxh4 Nd6 22. Nxg7 Rxe1 23. Rxe1 Kxg7 24. Qg5+ Kh7 25. d5 Re8 26. Qh4+ Kg8 27. Qg5+ Kh7 28. Rxe8 Qxe8 29. Qh4+ Kg8 30. Qg3+ Kh7 31. Qh4+ Kg8 32. Qg3+ Kh7 33. dxc6 Qxc6 34. Qh4+ Kg8 35. Qg5+ Kh7 36. Qh5+ Kg8 37. Qg5+ Kh7 38. Qh5+ Kg8 39. Bc1 Qe4 40. Qg5+ Kh7 41. h3 Nf5 42. Kh2 b5 43. Qh5+ Kg7 44. Qg5+ Kh7 45. Qh5+ Kg7 1/2-1/2

[Event "Netanya op"]
[Site "Netanya"]
[Date "2019.06.24"]
[Round "2"]
[White "Shvayger, Yuliya"]
[Black "Yaniv, Yuval"]
[Result "1/2-1/2"]
[WhiteElo "2361"]
[BlackElo "2120"]
[PlyCount "62"]
[EventDate "2019.06.23"]
[EventType "swiss"]
[EventRounds "9"]
[EventCountry "ISR"]
[SourceTitle "CBM 191 Extra"]
[Source "ChessBase"]
[SourceDate "2019.09.30"]
[SourceVersion "1"]
[SourceVersionDate "2019.09.30"]
[SourceQuality "1"]

1. e4 c5 2. Ne2 Nc6 3. g3 g6 4. Bg2 Bg7 5. c3 e5 6. d3 Nge7 7. Be3 b6 8. d4 exd4 9. cxd4 Ba6 10. Nbc3 cxd4 11. Nxd4 0-0 12. f4 Bxd4 13. Bxd4 d5 14. Bf6 Nb4 15. Bf1 Bxf1 16. Kxf1 Qd6 17. e5 Qc5 18. Bxe7 Qxe7 19. a3 d4 20. Ne4 Nc6 21. Qf3 Rac8 22. Kg2 Na5 23. Rac1 Nc4 24. Qd3 Ne3+ 25. Kf2 Rxc1 26. Rxc1 Rd8 27. Re1 Kg7 28. Kg1 Qb7 29. Rxe3 dxe3 30. Qxd8 Qxe4 31. Qf6+ Kg8 1/2-1/2

[Event "FRA-chT Top 12 (Women) GpB"]
[Site "Vandoeuvre"]
[Date "2019.05.04"]
[Round "4.3"]
[White "Alexieva, Silvia"]
[Black "Shvayger, Yuliya"]
[Result "0-1"]
[WhiteElo "2279"]
[BlackElo "2373"]
[PlyCount "84"]
[EventDate "2019.05.02"]
[EventType "team-tourn"]
[EventRounds "5"]
[EventCountry "FRA"]
[SourceTitle "CBM 190 Extra"]
[Source "ChessBase"]
[SourceDate "2019.07.15"]
[SourceVersion "1"]
[SourceVersionDate "2019.07.15"]
[SourceQuality "1"]
[WhiteTeam "Nimois (W)"]
[BlackTeam "Nancy (W)"]
[WhiteTeamCountry "FRA"]
[BlackTeamCountry "FRA"]

1. Nf3 d5 2. d4 Nf6 3. c4 e6 4. Nc3 Nbd7 5. cxd5 exd5 6. Bg5 Be7 7. e3 0-0 8. Bd3 c6 9. Qc2 Re8 10. 0-0 h6 11. Bxf6 Nxf6 12. h3 Bd6 13. a3 a5 14. Rab1 Qe7 15. Na4 Ne4 16. Nb6 Rb8 17. Nxc8 Rbxc8 18. b4 axb4 19. axb4 b5 20. Bxe4 dxe4 21. Nd2 f5 22. Rfc1 Kh7 23. Qc3 Rc7 24. Rb3 Ra8 25. f3 exf3 26. Nxf3 Ra4 27. Ne5 Bxe5 28. dxe5 c5 29. Rf1 c4 30. Rb2 Qe6 31. Rbf2 Rd7 32. Rxf5 Ra2 33. e4 Rd3 34. Qe1 Rxh3 35. R1f2 Rha3 36. Rxa2 Rxa2 37. Qe3 Ra1+ 38. Kf2 Qe7 39. Qf4 Qxb4 40. Kg3 Qe1+ 41. Kg4 Ra2 42. Qf3 Re2 0-1

[Event "FRA-chT Top 12 (Women) GpB"]
[Site "Vandoeuvre"]
[Date "2019.05.03"]
[Round "2.2"]
[White "Savina, Anastasia"]
[Black "Shvayger, Yuliya"]
[Result "1/2-1/2"]
[WhiteElo "2353"]
[BlackElo "2373"]
[PlyCount "57"]
[EventDate "2019.05.02"]
[EventType "team-tourn"]
[EventRounds "5"]
[EventCountry "FRA"]
[SourceTitle "CBM 190 Extra"]
[Source "ChessBase"]
[SourceDate "2019.07.15"]
[SourceVersion "1"]
[SourceVersionDate "2019.07.15"]
[SourceQuality "1"]
[WhiteTeam "Vandoeuvre (W)"]
[BlackTeam "Nancy (W)"]
[WhiteTeamCountry "FRA"]
[BlackTeamCountry "FRA"]

1. d4 Nf6 2. c4 e6 3. Nf3 d5 4. Nc3 Nbd7 5. cxd5 exd5 6. Bf4 c6 7. e3 Nh5 8. Bd3 Nxf4 9. exf4 Bd6 10. Ne5 Qe7 11. 0-0 0-0 12. Re1 Qf6 13. Qf3 Qh6 14. h3 f6 15. Nxd7 Bxd7 16. Nxd5 Kh8 17. Nc3 Qxf4 18. Qxf4 Bxf4 19. d5 Be5 20. dxc6 Bxc6 21. Be4 Rac8 22. Rad1 Bxc3 23. bxc3 Bxe4 24. Rxe4 Rxc3 25. Re7 Ra3 26. Rxb7 Rxa2 27. Rdd7 Rg8 28. Rxa7 Rxa7 29. Rxa7 1/2-1/2

[Event "FRA-chT Top 12 (Women) GpB"]
[Site "Vandoeuvre"]
[Date "2019.05.03"]
[Round "3.2"]
[White "Shvayger, Yuliya"]
[Black "Paehtz, Elisabeth"]
[Result "1/2-1/2"]
[WhiteElo "2373"]
[BlackElo "2470"]
[PlyCount "59"]
[EventDate "2019.05.02"]
[EventType "team-tourn"]
[EventRounds "5"]
[EventCountry "FRA"]
[SourceTitle "CBM 190 Extra"]
[Source "ChessBase"]
[SourceDate "2019.07.15"]
[SourceVersion "1"]
[SourceVersionDate "2019.07.15"]
[SourceQuality "1"]
[WhiteTeam "Nancy (W)"]
[BlackTeam "Mulhouse Philidor (W)"]
[WhiteTeamCountry "FRA"]
[BlackTeamCountry "FRA"]

1. e4 c5 2. Nf3 d6 3. d4 cxd4 4. Nxd4 Nf6 5. Nc3 a6 6. Bg5 Nbd7 7. Qe2 Qc7 8. 0-0-0 h6 9. Bh4 g6 10. f4 e5 11. fxe5 dxe5 12. Nb3 b5 13. g4 Be7 14. a3 Bb7 15. Bg2 Rc8 16. Rhf1 g5 17. Bg3 Bxa3 18. bxa3 Qxc3 19. Rd3 Qc7 20. Nd4 0-0 21. Nf5 Qc4 22. Nxh6+ Kh7 23. Nf5 Qa2 24. Be1 Qa1+ 25. Kd2 Qb2 26. Rh3+ Kg8 27. Ne7+ Kg7 28. Nf5+ Kg8 29. Ne7+ Kg7 30. Nf5+ 1/2-1/2